LEADER 01213nam0-22003371i-450- 001 990000414440403321 005 20001010 035 $a000041444 035 $aFED01000041444 035 $a(Aleph)000041444FED01 035 $a000041444 100 $a20001010d--------km-y0itay50------ba 101 0 $aita 105 $ay-------001yy 200 1 $aCONCILIUM amalfitanum Super Ignis Opera. Joint Meeting of the French and Italian section of the combustion institute.Amalfi, Italy Hotel Convento Cappuccini 16 - 19 june 1987$forganized by the italian section and the french section of the combustion institute 210 $aNapoli$cCuen$d1987 215 $a1 v.$d24 cm 300 $aPaginazione varia 610 0 $aSicurezza edilizia 610 0 $aConvegni 676 $a659.1 676 1$a541.3 712 02$aCombustion Institute 801 0$aIT$bUNINA$gRICA$2UNIMARC 901 $aBK 912 $a990000414440403321 952 $a08 C 265$b274$fDINED 959 $aDINED 996 $aCONCILIUM amalfitanum Super Ignis Opera. Joint Meeting of the French and Italian section of the combustion institute.Amalfi, Italy Hotel Convento Cappuccini 16 - 19 june 1987$9327184 997 $aUNINA DB $aING01 LEADER 00885nam0-2200313---450- 001 990009183370403321 005 20100507113908.0 010 $a978-0-691-12237-3 035 $a000918337 035 $aFED01000918337 035 $a(Aleph)000918337FED01 035 $a000918337 100 $a20100507d2009----km-y0itay50------ba 101 0 $aeng 102 $aUS 105 $aa-------001yy 200 1 $aFamine$ea short history$fCormac Ó Gráda 210 $aPrinceton and Oxford$cPrinceton University Press$d2009 215 $axiii, 327 p.$cill.$d22 cm 610 0 $aCarestie$aApprovvigionamento alimentare 676 $a363.809$v21$zita 700 1$aÓ Gráda,$bCormac$f<1945- >$0410724 801 0$aIT$bUNINA$gREICAT$2UNIMARC 901 $aBK 912 $a990009183370403321 952 $aIX G 51$b45512$fFSPBC 959 $aFSPBC 996 $aFamine$952910 997 $aUNINA